Patternmaking for fashion design

Guardado en:
Detalles Bibliográficos
Autor principal:  Armstrong, Helen Joseph
Formato: Sách
Lenguaje:Undetermined
Publicado:  Pearson  2014
Materias:
Etiquetas: Agregar Etiqueta
Sin Etiquetas, Sea el primero en etiquetar este registro!
Thư viện lưu trữ: Trung tâm Thư viện - Trường Đại học Công nghiệp TP. Hồ Chí Minh
LEADER 00480nam a2200157Ia 4500
001 UIH_06116
008 231011s9999 xx 000 0 und d
082 |a  646.4072 
100 |a  Armstrong, Helen Joseph 
245 0 |a  Patternmaking for fashion design 
245 0 |c  Armstrong, Helen Joseph 
260 |b  Pearson 
260 |c  2014 
650 |a  Trang phục;  
927 |a Sách 
980 |a Trung tâm Thư viện - Trường Đại học Công nghiệp TP. Hồ Chí Minh